|
|
|
|
| LEADER |
00897pam a22002418a 4500 |
| 001 |
00021792 |
| 005 |
20171026081023.0 |
| 008 |
110526s1983 ||||||Viesd |
| 041 |
0 |
# |
|a Vie
|
| 082 |
1 |
4 |
|a 691
|b GI108TR
|
| 100 |
0 |
# |
|a Nguyễn Phúc Tuyên
|e Chủ biên
|
| 245 |
0 |
0 |
|a Giáo trình thí nghiệm vật liệu xây dựng
|c Nguyễn Thức Tuyên; Nguyễn Tấn Quý, Phạm Duy Hữu
|n T.1
|
| 260 |
# |
# |
|a H.
|b Đại học và trung học chuyên nghiệp
|c 1983
|
| 300 |
# |
# |
|a 271 tr.
|c 24 tr.
|
| 650 |
# |
4 |
|a Giáo trình
|
| 653 |
# |
# |
|a Thí nghiệm
|
| 653 |
# |
# |
|a Vật liệu xây dựng
|
| 700 |
0 |
# |
|a Nguyễn Tấn Quý
|
| 700 |
0 |
# |
|a Phạm Duy Hữu
|
| 852 |
# |
# |
|b Kho đọc
|j KD.0006858
|
| 852 |
# |
# |
|j KD.0006858
|
| 910 |
0 |
# |
|a Hoa Lê
|d 26/05/2011
|
| 980 |
# |
# |
|a Trung tâm Học liệu Lê Vũ Hùng, Trường Đại học Đồng Tháp
|